Niemieccy sportowcy - nagła śmierć - Statystyki

Ogólne statystyki
  • Ten quiz został rozwiązany 106 razy
  • Średni wynik to 16 z 30
Answers on the Grid
Answers color-coded by a green-red scale on the quiz's grid according to % correct below.
Michael Schumacher
Manuel Neuer
Arjen Robben
Gregor Schlierenzauer
Max Verstappen
Magnus Carlsen
Bastian Schweinsteiger
Sven Hannawald
Janne Ahonen
Dirk Nowitzki
Roger Federer
Philipp Lahm
Steffi Graf
Brock Lesnar
Ivan Rakitić
Sebastian Vettel
Kimi Räikkönen
Thomas Müller
Robin van Persie
Halvor Egner Granerud
Karl Geiger
Franz Beckenbauer
Fabian Cancellara
Agit Kabayel
Caroline Wozniacki
Toni Kroos
Stefan Kraft
Severin Freund
Lothar Matthäus
Alex Morgan
Marco Reus
Dominic Thiem
Roman Koudelka
Heike Drechsler
Christian Pulisic
Richard Freitag
Valtteri Bottas
Daniel-André Tande
Angelique Kerber
Stan Wawrinka
Boris Becker
Lindsey Vonn
Peter Sagan
Andreas Wellinger
Andrea Henkel
Ryan Lochte
Nico Rosberg
Mario Götze
Timo Glock
Anders Fannemel
Martin Schmitt
Johannes Høsflot Klæbo
Niki Lauda
Thomas Röhler
Lars Riedel
Dennis Bergkamp
Felix Neureuther
Luka Dončić
Markus Eisenbichler
Katie Ledecky
 
Statystyki odpowiedzi
Odpowiedź % Poprawnych
Manuel Neuer
97%
Michael Schumacher
87%
Philipp Lahm
69%
Bastian Schweinsteiger
67%
Sven Hannawald
67%
Thomas Müller
67%
Toni Kroos
67%
Karl Geiger
65%
Franz Beckenbauer
64%
Marco Reus
64%
Sebastian Vettel
63%
Lothar Matthäus
61%
Severin Freund
60%
Andreas Wellinger
57%
Mario Götze
57%
Richard Freitag
57%
Markus Eisenbichler
55%
Martin Schmitt
52%
Dirk Nowitzki
51%
Steffi Graf
51%
Angelique Kerber
48%
Nico Rosberg
44%
Felix Neureuther
43%
Thomas Röhler
39%
Timo Glock
39%
Boris Becker
36%
Heike Drechsler
36%
Andrea Henkel
33%
Lars Riedel
32%
Agit Kabayel
12%
Nie znaleziono quizów pasujących do podanych kryteriów
Rozkład punktacji
Procent ludzi z każdym wynikiem
Percentyl według liczby udzielonych odpowiedzi
Twoja historia wyników
Nie rozwiązałeś tego quizu